00569nam a2200169 a 4500008004100000050001900041100001800060245012500078260003400203300001400237350000900251490002900260650003200289650003200321650002800353700001800381081216s2007 ||||||||||||||||| || u aKYO-UNI(05)ASM aAraki, Minako10aRural development reconsidered: people's responses to globalization in TanzaniacEdited by Juichi Itani and Minako Araki aKyotobKyoto Universityc2007 a93p.: ill a0.00 aAfrican Study Monographs aRURAL DEVELOPMENT--TANZANIA 0aAFRICA--ECONOMIC CONDITIONS aGLOBALIZATION--TANZANIA aItani, Juichi